Ariel /
Guardado en:
| Autor Principal: | |
|---|---|
| Formato: | Libro |
| Publicado: |
Buenos Aires :
Kapelusz,
1966
|
| Edición: | 2a. ed. |
| Series: | Grandes obras de la literatura1
|
| Etiquetas: |
Agregar Etiqueta
Sin Etiquetas, Sea el primero en etiquetar este registro!
|
| LEADER | 00435nam a22001575a 4500 | ||
|---|---|---|---|
| 001 | CEM.cems005505 | ||
| 005 | 20060221000000.0 | ||
| 008 | 130507s1966##################000#0#####d | ||
| 003 | CEMS | ||
| 082 | 0 | 4 | |a U864.3 |
| 100 | 1 | |a Rodó, José Enrique | |
| 245 | 1 | 0 | |a Ariel / |
| 250 | |a 2a. ed. | ||
| 260 | |a Buenos Aires : |b Kapelusz, |c 1966 | ||
| 490 | 0 | |a Grandes obras de la literatura1 | |
| 859 | |a CEMS |b BIB. CEMS - 11 de abril |h U864.3 |i R618-4a2 |p 8520.80 |t Ej.1 | ||
